Central Library OPAC University of Rajshahi

The social and sexual roles of Hima women : (Record no. 34997)

MARC details
000 -LEADER
fixed length control field 00983cam a2200277 i 4500
001 - CONTROL NUMBER
control field 34997
003 - CONTROL NUMBER IDENTIFIER
rucl marc code BD-RjUL
005 - DATE AND TIME OF LATEST TRANSACTION
control field 20211209052237.0
008 - FIXED-LENGTH DATA ELEMENTS--GENERAL INFORMATION
fixed length control field 140520s1973 enkabef b 001 0 eng d
020 ## - INTERNATIONAL STANDARD BOOK NUMBER
International Standard Book Number 0719005345 :
035 ## - SYSTEM CONTROL NUMBER
System control number (BD-RjUL) 35091
040 ## - CATALOGING SOURCE
Original cataloging agency DLC
Transcribing agency DLC
Modifying agency BD-RjUL
Language of cataloging eng
041 ## - LANGUAGE CODE
Language code of text/sound track or separate title eng
082 00 - DEWEY DECIMAL CLASSIFICATION NUMBER
Classification number 301.417633096761
Author mark and year ELS 1973
100 1# - MAIN ENTRY--PERSONAL NAME
Personal name Eilam, Yitzchak.
9 (RLIN) 106570
245 14 - TITLE STATEMENT
Title The social and sexual roles of Hima women :
Remainder of title a study of nomadic cattle breeders in Nyabushozi county, Ankole, Uganda /
Statement of responsibility, etc. [by] Yitzchak Elam.
260 ## - PUBLICATION, DISTRIBUTION, ETC. (IMPRINT)
Place of publication, distribution, etc. Manchester :
Name of publisher, distributor, etc. Manchester University Press,
Date of publication, distribution, etc. 1973.
300 ## - PHYSICAL DESCRIPTION
Pagination xv, 243 p., [8] p. of plates :
Illustrations ill., map, 2 plans ;
Size 23 cm.
500 ## - GENERAL NOTE
General note Distributed in the U.S.A. by Humanities Press Inc., New York.
504 ## - BIBLIOGRAPHY, ETC. NOTE
Bibliography, etc Includes index and Bibliography: p. 234-236.
650 #0 - SUBJECT ADDED ENTRY--TOPICAL TERM
Topical term or geographic name as entry element Hima (African people)
9 (RLIN) 106571
Topical term or geographic name as entry element Women, Hima.
9 (RLIN) 106572
942 ## - ADDED ENTRY ELEMENTS (KOHA)
Source of classification or shelving scheme Dewey Decimal Classification
Koha item type Books
Holdings
Lost status Source of classification or shelving scheme Damaged status Not for loan Collection code Permanent Location Current Location Shelving location Date acquired Source of acquisition Cost, normal purchase price Total Checkouts Full call number Date last seen Copy number Koha item type
  Dewey Decimal Classification   Not For Loan Non-fiction Central Library, University of Rajshahi Central Library, University of Rajshahi Reading Room 09/06/1975 Jonathan wren & co. 4.20   305.4096 ELS 1973 20/05/2014 C-1 Books